[Event "DEM U10w 2024"]
[Site "Willingen GER"]
[Date "2024.05.19"]
[Round "1"]
[White "Lao, Theodora Siyuan"]
[Black "Shynkar, Daria"]
[Result "0-1"]
[Termination "normal"]
[Board "1"]
[WhiteElo "1087"]
[BlackElo "1661"]
[WhiteClock "01:10:12"]
[BlackClock "00:48:30"]
[PlyCount "114"]
[WhiteFideId "34667547"]
[BlackFideId "34163212"]
[EventCountry "GER"]
[EventRounds "11"]
[EventType "swiss"]
[EventDate "2024.05.18"]

1. e4 {[%clk 01:15:59]} {[%emt 00:00:01]} c5 {[%clk 01:15:55]} {[%emt
00:00:05]} 2. Nc3 {[%clk 01:16:24]} {[%emt 00:00:05]} Nc6 {[%clk 01:16:20]}
{[%emt 00:00:05]} 3. Nf3 {[%clk 01:16:44]} {[%emt 00:00:10]} e6 {[%clk
01:16:41]} {[%emt 00:00:08]} 4. Bb5 {[%clk 01:16:54]} {[%emt 00:00:21]} Nge7
{[%clk 01:17:03]} {[%emt 00:00:08]} 5. O-O {[%clk 01:16:55]} {[%emt 00:00:29]}
b6 {[%clk 01:17:10]} {[%emt 00:00:23]} 6. d4 {[%clk 01:16:57]} {[%emt
00:00:29]} cxd4 {[%clk 01:09:16]} {[%emt 00:08:23]} 7. Nxd4 {[%clk 01:17:11]}
{[%emt 00:00:16]} Qc7 {[%clk 01:05:44]} {[%emt 00:04:00]} 8. Be3 {[%clk
01:16:39]} {[%emt 00:01:02]} a6 {[%clk 01:03:47]} {[%emt 00:02:29]} 9. Bd3
{[%clk 01:15:50]} {[%emt 00:01:17]} g6 {[%clk 01:03:02]} {[%emt 00:01:17]} 10.
Qd2 {[%clk 01:15:38]} {[%emt 00:00:42]} Bg7 {[%clk 01:03:02]} {[%emt 00:00:29]}
11. Nxc6 {[%clk 01:15:37]} {[%emt 00:00:31]} Nxc6 {[%clk 01:02:07]} {[%emt
00:01:26]} 12. Rfe1 {[%clk 01:15:25]} {[%emt 00:00:42]} O-O {[%clk 00:56:44]}
{[%emt 00:05:52]} 13. Bh6 {[%clk 01:15:22]} {[%emt 00:00:33]} Qe5 {[%clk
00:55:44]} {[%emt 00:01:24]} 14. Bxg7 {[%clk 01:14:50]} {[%emt 00:01:09]} Qxg7
{[%clk 00:56:03]} {[%emt 00:00:11]} 15. Qg5 {[%clk 01:13:48]} {[%emt 00:01:29]}
Nb4 {[%clk 00:53:40]} {[%emt 00:02:53]} 16. Rac1 {[%clk 01:09:34]} {[%emt
00:04:47]} Nxd3 {[%clk 00:53:18]} {[%emt 00:00:52]} 17. cxd3 {[%clk 01:09:52]}
{[%emt 00:00:12]} d6 {[%clk 00:48:57]} {[%emt 00:04:47]} 18. d4 {[%clk
01:09:31]} {[%emt 00:00:55]} Qxd4 {[%clk 00:47:35]} {[%emt 00:01:50]} 19. Red1
{[%clk 01:08:52]} {[%emt 00:01:10]} Qe5 {[%clk 00:47:00]} {[%emt 00:01:03]} 20.
Qxe5 {[%clk 01:08:57]} {[%emt 00:00:27]} dxe5 {[%clk 00:47:24]} {[%emt
00:00:06]} 21. Rd6 {[%clk 01:08:23]} {[%emt 00:01:03]} b5 {[%clk 00:47:42]}
{[%emt 00:00:15]} 22. b4 {[%clk 01:08:17]} {[%emt 00:00:35]} Bb7 {[%clk
00:47:42]} {[%emt 00:00:25]} 23. f3 {[%clk 01:08:09]} {[%emt 00:00:44]} Rac8
{[%clk 00:47:28]} {[%emt 00:00:41]} 24. Kf2 {[%clk 01:07:50]} {[%emt 00:00:50]}
Rc4 {[%clk 00:42:59]} {[%emt 00:04:59]} 25. a3 {[%clk 01:07:03]} {[%emt
00:01:18]} Rfc8 {[%clk 00:43:15]} {[%emt 00:00:11]} 26. Rd3 {[%clk 01:07:07]}
{[%emt 00:00:27]} f5 {[%clk 00:42:29]} {[%emt 00:01:17]} 27. exf5 {[%clk
01:07:03]} {[%emt 00:00:34]} exf5 {[%clk 00:42:57]} {[%emt 00:00:02]} 28. g4
{[%clk 01:06:33]} {[%emt 00:01:00]} fxg4 {[%clk 00:43:06]} {[%emt 00:00:23]}
29. fxg4 {[%clk 01:06:47]} {[%emt 00:00:15]} Rxg4 {[%clk 00:42:41]} {[%emt
00:00:55]} 30. Re1 {[%clk 01:05:59]} {[%emt 00:01:18]} Rg2+ {[%clk 00:40:03]}
{[%emt 00:03:06]} 31. Kf1 {[%clk 01:05:23]} {[%emt 00:01:06]} Rf8+ {[%clk
00:40:27]} {[%emt 00:00:07]} 32. Rf3 {[%clk 01:05:35]} {[%emt 00:00:19]} Bxf3
{[%clk 00:40:44]} {[%emt 00:00:12]} 33. Rxe5 {[%clk 01:05:12]} {[%emt
00:00:54]} Bb7+ {[%clk 00:40:24]} {[%emt 00:00:50]} 34. Ke1 {[%clk 01:05:04]}
{[%emt 00:00:36]} Rxh2 {[%clk 00:40:51]} {[%emt 00:00:05]} 35. Re2 {[%clk
01:05:02]} {[%emt 00:00:27]} Rxe2+ {[%clk 00:41:10]} {[%emt 00:00:15]} 36. Kxe2
{[%clk 01:05:23]} {[%emt 00:00:09]} h5 {[%clk 00:41:35]} {[%emt 00:00:05]} 37.
Nd1 {[%clk 01:05:21]} {[%emt 00:00:29]} h4 {[%clk 00:41:55]} {[%emt 00:00:13]}
38. Nf2 {[%clk 01:05:38]} {[%emt 00:00:12]} Rxf2+ {[%clk 00:42:12]} {[%emt
00:00:14]} 39. Kxf2 {[%clk 01:06:06]} {[%emt 00:00:03]} h3 {[%clk 00:42:27]}
{[%emt 00:00:14]} 40. Kg3 {[%clk 01:06:26]} {[%emt 00:00:10]} Bg2 {[%clk
00:42:53]} {[%emt 00:00:05]} 41. Kh2 {[%clk 01:06:40]} {[%emt 00:00:15]} g5
{[%clk 00:43:15]} {[%emt 00:00:07]} 42. Kg3 {[%clk 01:07:03]} {[%emt 00:00:08]}
g4 {[%clk 00:43:41]} {[%emt 00:00:05]} 43. Kh2 {[%clk 01:07:25]} {[%emt
00:00:08]} Kg7 {[%clk 00:44:06]} {[%emt 00:00:04]} 44. Kg3 {[%clk 01:07:48]}
{[%emt 00:00:08]} Kg6 {[%clk 00:44:30]} {[%emt 00:00:06]} 45. Kh2 {[%clk
01:08:14]} {[%emt 00:00:04]} Kg5 {[%clk 00:44:53]} {[%emt 00:00:06]} 46. Kg3
{[%clk 01:08:24]} {[%emt 00:00:21]} Kh5 {[%clk 00:45:19]} {[%emt 00:00:04]} 47.
Kh2 {[%clk 01:08:37]} {[%emt 00:00:15]} Kh4 {[%clk 00:45:46]} {[%emt 00:00:04]}
48. Kg1 {[%clk 01:08:35]} {[%emt 00:00:32]} g3 {[%clk 00:46:09]} {[%emt
00:00:06]} 49. a4 {[%clk 01:08:45]} {[%emt 00:00:21]} Kg4 {[%clk 00:46:32]}
{[%emt 00:00:03]} 50. a5 {[%clk 01:09:02]} {[%emt 00:00:18]} Bf3 {[%clk
00:46:50]} {[%emt 00:00:11]} 51. Kf1 {[%clk 01:09:17]} {[%emt 00:00:16]} h2
{[%clk 00:47:15]} {[%emt 00:00:05]} 52. Ke1 {[%clk 01:09:34]} {[%emt 00:00:13]}
h1=Q+ {[%clk 00:47:34]} {[%emt 00:00:10]} 53. Kd2 {[%clk 01:09:47]} {[%emt
00:00:19]} g2 {[%clk 00:47:28]} {[%emt 00:00:35]} 54. Kd3 {[%clk 01:10:00]}
{[%emt 00:00:15]} g1=Q {[%clk 00:47:43]} {[%emt 00:00:17]} 55. Kc3 {[%clk
01:10:04]} {[%emt 00:00:26]} Qhh2 {[%clk 00:47:47]} {[%emt 00:00:23]} 56. Kd3
{[%clk 01:10:09]} {[%emt 00:00:20]} Qd1+ {[%clk 00:48:10]} {[%emt 00:00:14]}
57. Kc3 {[%clk 01:10:12]} {[%emt 00:00:25]} Qhd2# {[%clk 00:48:30]} {[%emt
00:00:10]} 0-1

[Event "DEM U10w 2024"]
[Site "Willingen GER"]
[Date "2024.05.19"]
[Round "1"]
[White "Tu, Tiffany"]
[Black "Wolf, Aurelia"]
[Result "1-0"]
[Termination "normal"]
[Board "2"]
[WhiteElo "1618"]
[BlackElo "1498"]
[WhiteClock "00:36:11"]
[BlackClock "00:48:01"]
[PlyCount "61"]
[WhiteFideId "34628576"]
[BlackFideId "34671048"]
[EventCountry "GER"]
[EventRounds "11"]
[EventType "swiss"]
[EventDate "2024.05.18"]

1. e4 {[%clk 01:15:58]} {[%emt 00:00:01]} e5 {[%clk 01:15:55]} {[%emt
00:00:06]} 2. Nf3 {[%clk 01:16:24]} {[%emt 00:00:03]} Nc6 {[%clk 01:16:18]}
{[%emt 00:00:07]} 3. Bb5 {[%clk 01:16:50]} {[%emt 00:00:03]} a6 {[%clk
01:16:41]} {[%emt 00:00:08]} 4. Ba4 {[%clk 01:17:14]} {[%emt 00:00:06]} Nf6
{[%clk 01:17:04]} {[%emt 00:00:08]} 5. d3 {[%clk 01:17:38]} {[%emt 00:00:05]}
b5 {[%clk 01:17:25]} {[%emt 00:00:09]} 6. Bb3 {[%clk 01:18:01]} {[%emt
00:00:07]} Be7 {[%clk 01:17:37]} {[%emt 00:00:18]} 7. O-O {[%clk 01:18:10]}
{[%emt 00:00:20]} d6 {[%clk 01:17:57]} {[%emt 00:00:10]} 8. c3 {[%clk
01:18:36]} {[%emt 00:00:04]} O-O {[%clk 01:18:20]} {[%emt 00:00:08]} 9. Nbd2
{[%clk 01:18:48]} {[%emt 00:00:18]} Na5 {[%clk 01:18:39]} {[%emt 00:00:12]} 10.
Bc2 {[%clk 01:19:09]} {[%emt 00:00:08]} c5 {[%clk 01:18:55]} {[%emt 00:00:13]}
11. Re1 {[%clk 01:19:31]} {[%emt 00:00:08]} Be6 {[%clk 01:19:07]} {[%emt
00:00:18]} 12. Nf1 {[%clk 01:19:49]} {[%emt 00:00:13]} Rc8 {[%clk 01:18:46]}
{[%emt 00:00:52]} 13. Ng3 {[%clk 01:20:01]} {[%emt 00:00:16]} Nc6 {[%clk
01:16:17]} {[%emt 00:03:00]} 14. Be3 {[%clk 01:17:55]} {[%emt 00:02:35]} Qb6
{[%clk 01:12:59]} {[%emt 00:03:48]} 15. b4 {[%clk 01:14:10]} {[%emt 00:04:16]}
d5 {[%clk 01:08:49]} {[%emt 00:04:40]} 16. Qd2 {[%clk 01:05:52]} {[%emt
00:08:49]} dxe4 {[%clk 01:07:50]} {[%emt 00:01:27]} 17. bxc5 {[%clk 01:03:15]}
{[%emt 00:03:08]} Bxc5 {[%clk 01:06:24]} {[%emt 00:01:56]} 18. Bxc5 {[%clk
00:55:42]} {[%emt 00:08:03]} Qxc5 {[%clk 01:06:33]} {[%emt 00:00:20]} 19. d4
{[%clk 00:54:29]} {[%emt 00:01:44]} Nxd4 {[%clk 01:04:16]} {[%emt 00:02:48]}
20. cxd4 {[%clk 00:49:48]} {[%emt 00:05:11]} Qxc2 {[%clk 01:02:01]} {[%emt
00:02:44]} 21. Qxc2 {[%clk 00:44:47]} {[%emt 00:05:30]} Rxc2 {[%clk 01:02:07]}
{[%emt 00:00:25]} 22. Nxe5 {[%clk 00:44:03]} {[%emt 00:01:14]} Rxa2 {[%clk
01:00:39]} {[%emt 00:01:58]} 23. Rxa2 {[%clk 00:43:08]} {[%emt 00:01:25]} Bxa2
{[%clk 01:01:00]} {[%emt 00:00:09]} 24. Ra1 {[%clk 00:42:48]} {[%emt 00:00:50]}
Bd5 {[%clk 00:58:34]} {[%emt 00:02:51]} 25. Rxa6 {[%clk 00:41:38]} {[%emt
00:01:45]} Rb8 {[%clk 00:56:27]} {[%emt 00:02:35]} 26. Nf5 {[%clk 00:39:42]}
{[%emt 00:02:28]} Kh8 {[%clk 00:50:46]} {[%emt 00:06:10]} 27. Ne7 {[%clk
00:37:28]} {[%emt 00:02:42]} Bb3 {[%clk 00:50:27]} {[%emt 00:00:51]} 28. N5c6
{[%clk 00:35:06]} {[%emt 00:02:53]} Rb7 {[%clk 00:47:54]} {[%emt 00:03:03]} 29.
Ra8+ {[%clk 00:35:23]} {[%emt 00:00:13]} Rb8 {[%clk 00:47:45]} {[%emt
00:00:39]} 30. Rxb8+ {[%clk 00:35:48]} {[%emt 00:00:05]} Ng8 {[%clk 00:48:01]}
{[%emt 00:00:14]} 31. Rxg8# {[%clk 00:36:11]} {[%emt 00:00:07]} 1-0

[Event "DEM U10w 2024"]
[Site "Willingen GER"]
[Date "2024.05.19"]
[Round "1"]
[White "Seyedfakhari, Elena"]
[Black "Chen, Yuefan"]
[Result "0-1"]
[Termination "normal"]
[Board "3"]
[WhiteElo "1060"]
[BlackElo "1682"]
[WhiteClock "01:14:34"]
[BlackClock "01:11:40"]
[PlyCount "64"]
[WhiteFideId "34639888"]
[BlackFideId "34653910"]
[EventCountry "GER"]
[EventRounds "11"]
[EventType "swiss"]
[EventDate "2024.05.18"]

1. e4 {[%clk 01:15:58]} {[%emt 00:00:02]} c5 {[%clk 01:15:59]} {[%emt
00:00:02]} 2. Nf3 {[%clk 01:16:16]} {[%emt 00:00:12]} d6 {[%clk 01:16:24]}
{[%emt 00:00:06]} 3. d4 {[%clk 01:16:33]} {[%emt 00:00:12]} cxd4 {[%clk
01:16:49]} {[%emt 00:00:05]} 4. Nxd4 {[%clk 01:16:53]} {[%emt 00:00:10]} Nf6
{[%clk 01:17:13]} {[%emt 00:00:06]} 5. Nc3 {[%clk 01:17:07]} {[%emt 00:00:16]}
a6 {[%clk 01:17:39]} {[%emt 00:00:05]} 6. Bc4 {[%clk 01:17:22]} {[%emt
00:00:13]} e6 {[%clk 01:17:59]} {[%emt 00:00:11]} 7. Be3 {[%clk 01:17:36]}
{[%emt 00:00:16]} Be7 {[%clk 01:17:55]} {[%emt 00:00:34]} 8. O-O {[%clk
01:17:53]} {[%emt 00:00:13]} O-O {[%clk 01:18:17]} {[%emt 00:00:08]} 9. Qf3
{[%clk 01:18:06]} {[%emt 00:00:14]} Nbd7 {[%clk 01:17:36]} {[%emt 00:01:14]}
10. Rfe1 {[%clk 01:18:19]} {[%emt 00:00:14]} Ne5 {[%clk 01:17:53]} {[%emt
00:00:16]} 11. Qe2 {[%clk 01:18:22]} {[%emt 00:00:23]} Qc7 {[%clk 01:17:25]}
{[%emt 00:01:02]} 12. Bb3 {[%clk 01:18:40]} {[%emt 00:00:11]} Bd7 {[%clk
01:17:09]} {[%emt 00:00:47]} 13. f4 {[%clk 01:18:48]} {[%emt 00:00:20]} Neg4
{[%clk 01:12:47]} {[%emt 00:04:54]} 14. h3 {[%clk 01:18:46]} {[%emt 00:00:30]}
Nxe3 {[%clk 01:12:46]} {[%emt 00:00:33]} 15. Qxe3 {[%clk 01:19:01]} {[%emt
00:00:15]} e5 {[%clk 01:10:57]} {[%emt 00:02:19]} 16. fxe5 {[%clk 01:19:07]}
{[%emt 00:00:24]} dxe5 {[%clk 01:11:18]} {[%emt 00:00:08]} 17. Nde2 {[%clk
01:19:21]} {[%emt 00:00:13]} Bc5 {[%clk 01:11:39]} {[%emt 00:00:13]} 18. Qxc5
{[%clk 01:17:52]} {[%emt 00:01:58]} Qxc5+ {[%clk 01:12:03]} {[%emt 00:00:07]}
19. Kh1 {[%clk 01:18:04]} {[%emt 00:00:16]} Bc6 {[%clk 01:11:42]} {[%emt
00:00:53]} 20. Ng3 {[%clk 01:17:51]} {[%emt 00:00:42]} Rad8 {[%clk 01:11:08]}
{[%emt 00:01:06]} 21. Nf5 {[%clk 01:17:39]} {[%emt 00:00:37]} Rd2 {[%clk
01:09:46]} {[%emt 00:01:55]} 22. Na4 {[%clk 01:16:53]} {[%emt 00:01:12]} Bxa4
{[%clk 01:10:00]} {[%emt 00:00:21]} 23. Bxa4 {[%clk 01:17:10]} {[%emt
00:00:13]} Qf2 {[%clk 01:09:33]} {[%emt 00:00:58]} 24. Rg1 {[%clk 01:16:57]}
{[%emt 00:00:40]} Nxe4 {[%clk 01:09:40]} {[%emt 00:00:25]} 25. Ne7+ {[%clk
01:16:35]} {[%emt 00:00:50]} Kh8 {[%clk 01:09:57]} {[%emt 00:00:15]} 26. Rae1
{[%clk 01:15:45]} {[%emt 00:01:14]} Qf4 {[%clk 01:09:43]} {[%emt 00:00:50]} 27.
Rgf1 {[%clk 01:14:51]} {[%emt 00:01:09]} Ng3+ {[%clk 01:09:58]} {[%emt
00:00:29]} 28. Kg1 {[%clk 01:14:50]} {[%emt 00:00:22]} Nxf1 {[%clk 01:10:21]}
{[%emt 00:00:17]} 29. Rxf1 {[%clk 01:14:57]} {[%emt 00:00:23]} Qg3 {[%clk
01:10:31]} {[%emt 00:00:20]} 30. Ng6+ {[%clk 01:14:30]} {[%emt 00:00:56]} hxg6
{[%clk 01:10:51]} {[%emt 00:00:12]} 31. Rf2 {[%clk 01:14:26]} {[%emt 00:00:32]}
Qxf2+ {[%clk 01:11:13]} {[%emt 00:00:08]} 32. Kh1 {[%clk 01:14:34]} {[%emt
00:00:15]} Qxg2# {[%clk 01:11:40]} {[%emt 00:00:10]} 0-1

[Event "DEM U10w 2024"]
[Site "Willingen GER"]
[Date "2024.05.19"]
[Round "1"]
[White "Bashirova, Sona"]
[Black "Vasilieva, Victoria"]
[Result "1-0"]
[Termination "normal"]
[Board "4"]
[WhiteElo "1608"]
[BlackElo "1048"]
[WhiteClock "00:19:59"]
[BlackClock "00:56:46"]
[PlyCount "145"]
[WhiteFideId "34664033"]
[BlackFideId "533007071"]
[EventCountry "GER"]
[EventRounds "11"]
[EventType "swiss"]
[EventDate "2024.05.18"]

1. e4 {[%clk 01:15:57]} {[%emt 00:00:02]} d5 {[%clk 01:15:47]} {[%emt
00:00:13]} 2. exd5 {[%clk 01:16:20]} {[%emt 00:00:07]} Qxd5 {[%clk 01:15:59]}
{[%emt 00:00:18]} 3. Nf3 {[%clk 01:16:31]} {[%emt 00:00:20]} Qd8 {[%clk
01:15:57]} {[%emt 00:00:32]} 4. Nc3 {[%clk 01:16:33]} {[%emt 00:00:28]} Nf6
{[%clk 01:15:53]} {[%emt 00:00:33]} 5. Bc4 {[%clk 01:15:42]} {[%emt 00:01:21]}
Bf5 {[%clk 01:15:40]} {[%emt 00:00:43]} 6. d3 {[%clk 01:15:26]} {[%emt
00:00:47]} e6 {[%clk 01:15:51]} {[%emt 00:00:19]} 7. O-O {[%clk 01:15:28]}
{[%emt 00:00:28]} Bd6 {[%clk 01:15:28]} {[%emt 00:00:53]} 8. Bg5 {[%clk
01:13:14]} {[%emt 00:02:43]} Nbd7 {[%clk 01:14:36]} {[%emt 00:01:21]} 9. h3
{[%clk 01:12:35]} {[%emt 00:01:10]} h6 {[%clk 01:14:50]} {[%emt 00:00:16]} 10.
Bxf6 {[%clk 01:11:45]} {[%emt 00:01:21]} Nxf6 {[%clk 01:14:15]} {[%emt
00:01:03]} 11. d4 {[%clk 01:08:24]} {[%emt 00:03:52]} c5 {[%clk 01:12:05]}
{[%emt 00:02:40]} 12. d5 {[%clk 01:06:08]} {[%emt 00:02:46]} exd5 {[%clk
01:11:57]} {[%emt 00:00:38]} 13. Nxd5 {[%clk 01:06:19]} {[%emt 00:00:20]} Nxd5
{[%clk 01:11:09]} {[%emt 00:01:17]} 14. Qxd5 {[%clk 01:04:50]} {[%emt
00:01:59]} Be6 {[%clk 01:09:40]} {[%emt 00:01:59]} 15. Qe4 {[%clk 01:04:07]}
{[%emt 00:01:12]} Qd7 {[%clk 01:06:21]} {[%emt 00:03:51]} 16. Rfe1 {[%clk
01:03:34]} {[%emt 00:01:02]} O-O {[%clk 01:03:33]} {[%emt 00:03:18]} 17. Bxe6
{[%clk 01:03:20]} {[%emt 00:00:44]} fxe6 {[%clk 01:03:35]} {[%emt 00:00:28]}
18. Qxe6+ {[%clk 01:03:39]} {[%emt 00:00:11]} Qxe6 {[%clk 01:03:49]} {[%emt
00:00:16]} 19. Rxe6 {[%clk 01:04:02]} {[%emt 00:00:08]} Bc7 {[%clk 01:03:26]}
{[%emt 00:00:53]} 20. Rae1 {[%clk 01:03:04]} {[%emt 00:01:27]} Ba5 {[%clk
01:02:01]} {[%emt 00:01:55]} 21. c3 {[%clk 01:03:01]} {[%emt 00:00:33]} Rad8
{[%clk 01:00:36]} {[%emt 00:01:54]} 22. Re7 {[%clk 01:03:09]} {[%emt 00:00:23]}
Rb8 {[%clk 00:59:59]} {[%emt 00:01:07]} 23. Nd2 {[%clk 00:58:56]} {[%emt
00:04:43]} Bd8 {[%clk 00:59:36]} {[%emt 00:00:52]} 24. Re8 {[%clk 00:56:21]}
{[%emt 00:03:06]} Bc7 {[%clk 00:59:29]} {[%emt 00:00:37]} 25. Rxb8 {[%clk
00:55:28]} {[%emt 00:01:23]} Rxb8 {[%clk 00:59:27]} {[%emt 00:00:31]} 26. Nb3
{[%clk 00:55:19]} {[%emt 00:00:40]} b6 {[%clk 00:59:32]} {[%emt 00:00:26]} 27.
Re7 {[%clk 00:53:36]} {[%emt 00:02:12]} Rc8 {[%clk 00:59:28]} {[%emt 00:00:35]}
28. Kf1 {[%clk 00:53:08]} {[%emt 00:00:56]} Kf8 {[%clk 00:59:22]} {[%emt
00:00:36]} 29. Rd7 {[%clk 00:53:28]} {[%emt 00:00:12]} a5 {[%clk 00:59:10]}
{[%emt 00:00:41]} 30. Ke2 {[%clk 00:52:57]} {[%emt 00:00:58]} Re8+ {[%clk
00:58:45]} {[%emt 00:00:58]} 31. Kf3 {[%clk 00:51:10]} {[%emt 00:02:18]} Be5
{[%clk 00:57:23]} {[%emt 00:01:51]} 32. Rb7 {[%clk 00:50:28]} {[%emt 00:01:11]}
Re6 {[%clk 00:57:20]} {[%emt 00:00:33]} 33. Nd2 {[%clk 00:44:16]} {[%emt
00:06:43]} Rf6+ {[%clk 00:57:20]} {[%emt 00:00:30]} 34. Ke2 {[%clk 00:42:47]}
{[%emt 00:01:56]} Re6 {[%clk 00:57:14]} {[%emt 00:00:38]} 35. Kd3 {[%clk
00:37:30]} {[%emt 00:05:48]} Rd6+ {[%clk 00:57:13]} {[%emt 00:00:31]} 36. Kc2
{[%clk 00:37:50]} {[%emt 00:00:11]} Bf4 {[%clk 00:57:09]} {[%emt 00:00:33]} 37.
Nc4 {[%clk 00:37:22]} {[%emt 00:00:59]} Re6 {[%clk 00:57:11]} {[%emt 00:00:28]}
38. Kd3 {[%clk 00:34:19]} {[%emt 00:03:32]} Re8 {[%clk 00:56:53]} {[%emt
00:00:46]} 39. Nxb6 {[%clk 00:31:55]} {[%emt 00:02:56]} Rd8+ {[%clk 00:56:54]}
{[%emt 00:00:28]} 40. Nd7+ {[%clk 00:32:01]} {[%emt 00:00:22]} Kg8 {[%emt
00:00:43]} 41. Ke4 {[%emt 00:00:29]} Bd2 {[%clk 00:55:09]} {[%emt 00:01:05]}
42. Nxc5 {[%clk 00:31:24]} {[%emt 00:01:08]} Re8+ {[%clk 00:55:10]} {[%emt
00:00:29]} 43. Kf3 {[%clk 00:29:50]} {[%emt 00:02:04]} Rf8+ {[%clk 00:55:21]}
{[%emt 00:00:19]} 44. Ke2 {[%clk 00:29:18]} {[%emt 00:01:02]} Bg5 {[%clk
00:55:37]} {[%emt 00:00:11]} 45. Ne6 {[%clk 00:28:56]} {[%emt 00:00:55]} Re8
{[%clk 00:55:41]} {[%emt 00:00:20]} 46. Rxg7+ {[%clk 00:29:21]} {[%emt
00:00:11]} Kh8 {[%clk 00:55:35]} {[%emt 00:00:36]} 47. Ra7 {[%clk 00:22:35]}
{[%emt 00:07:09]} Rxe6+ {[%clk 00:55:39]} {[%emt 00:00:32]} 48. Kd3 {[%clk
00:21:54]} {[%emt 00:01:12]} Rd6+ {[%clk 00:55:43]} {[%emt 00:00:26]} 49. Kc4
{[%clk 00:21:28]} {[%emt 00:00:56]} Rc6+ {[%clk 00:55:38]} {[%emt 00:00:35]}
50. Kb5 {[%clk 00:20:53]} {[%emt 00:01:05]} Re6 {[%clk 00:55:45]} {[%emt
00:00:22]} 51. Rxa5 {[%clk 00:20:51]} {[%emt 00:00:33]} Re5+ {[%clk 00:55:53]}
{[%emt 00:00:21]} 52. Kb4 {[%clk 00:20:54]} {[%emt 00:00:27]} Be7+ {[%clk
00:55:59]} {[%emt 00:00:24]} 53. Ka4 {[%clk 00:20:46]} {[%emt 00:00:40]} Re4+
{[%clk 00:56:07]} {[%emt 00:00:21]} 54. Kb3 {[%clk 00:20:49]} {[%emt 00:00:27]}
Bd8 {[%clk 00:55:54]} {[%emt 00:00:42]} 55. Ra8 {[%clk 00:20:44]} {[%emt
00:00:36]} Re8 {[%clk 00:56:07]} {[%emt 00:00:16]} 56. a4 {[%clk 00:20:31]}
{[%emt 00:00:44]} Kg7 {[%clk 00:55:24]} {[%emt 00:01:12]} 57. Ka2 {[%clk
00:20:26]} {[%emt 00:00:36]} Kf7 {[%clk 00:55:32]} {[%emt 00:00:21]} 58. g4
{[%clk 00:20:09]} {[%emt 00:00:49]} Kf6 {[%clk 00:55:32]} {[%emt 00:00:25]} 59.
f4 {[%clk 00:19:59]} {[%emt 00:00:43]} Kg6 {[%clk 00:55:38]} {[%emt 00:00:24]}
60. a5 {[%clk 00:19:42]} {[%emt 00:00:48]} h5 {[%clk 00:55:36]} {[%emt
00:00:32]} 61. a6 {[%clk 00:19:03]} {[%emt 00:01:10]} hxg4 {[%clk 00:55:38]}
{[%emt 00:00:28]} 62. hxg4 {[%clk 00:19:20]} {[%emt 00:00:12]} Kf6 {[%clk
00:55:53]} {[%emt 00:00:15]} 63. a7 {[%clk 00:19:23]} {[%emt 00:00:28]} Kf7
{[%clk 00:56:07]} {[%emt 00:00:15]} 64. Rb8 {[%clk 00:19:34]} {[%emt 00:00:19]}
Kf8 {[%clk 00:56:07]} {[%emt 00:00:30]} 65. a8=Q {[%clk 00:19:50]} {[%emt
00:00:15]} Ke7 {[%clk 00:56:23]} {[%emt 00:00:13]} 66. Qa7+ {[%clk 00:18:58]}
{[%emt 00:01:23]} Kf8 {[%emt 00:00:09]} 67. Rb7 {[%emt 00:00:48]} Be7 {[%clk
00:55:39]} {[%emt 00:00:15]} 68. f5 {[%clk 00:18:46]} {[%emt 00:00:43]} Kf7
{[%clk 00:55:53]} {[%emt 00:00:16]} 69. g5 {[%clk 00:18:59]} {[%emt 00:00:17]}
Kg7 {[%clk 00:56:07]} {[%emt 00:00:17]} 70. Rxe7+ {[%clk 00:19:21]} {[%emt
00:00:08]} Rxe7 {[%clk 00:56:18]} {[%emt 00:00:19]} 71. Qxe7+ {[%clk 00:19:43]}
{[%emt 00:00:07]} Kg8 {[%clk 00:56:38]} {[%emt 00:00:09]} 72. f6 {[%clk
00:19:59]} {[%emt 00:00:15]} Kh8 {[%clk 00:56:46]} {[%emt 00:00:23]} 73. Qg7#
{[%emt 00:00:02]} 1-0